La Metáfora matricida en el crimen infanticida /
Đã lưu trong:
| Tác giả chính: | |
|---|---|
| Định dạng: | Texto |
| Những chủ đề: | |
| Các nhãn: |
Thêm thẻ
Không có thẻ, Là người đầu tiên thẻ bản ghi này!
|
MARC
| LEADER | 00000 a a2200000 04500 | ||
|---|---|---|---|
| 001 | 8731 | ||
| 003 | |||
| 040 | |||
| 100 | |a Chancón Echeverría, Laura | ||
| 245 | |a La Metáfora matricida en el crimen infanticida / |c Laura Chancón Echeverría | ||
| 650 | |a PSICOANALISIS | ||
| 773 | |g número 11; páginas 97-127 | ||
| 999 | |c 20781 |d 20781 | ||
